000 00671 a2200205 4500
001 61819
005 20260407155909.0
008 260407a1989 arg spa d
003 AR-UNSa-BCEJYS
040 _aAR-UNSa-BCEJYS
_bspa
_cAR-UNSa-BCEJYS
080 _a347.724
_xSociedades de responsabilidad limitada (Comandita por acciones)
245 1 0 _aSociedades de responsabilidad limitada
_pSegĂșn la Ley 19.550; t.o. Ley 22.903
020 _a978-950-14-0503-3
264 1 _aBuenos Aires :
_bEdiciones Depalma
_c1989
300 _axix, 472 p.
_c22 cm.
041 _aspa
942 _cBK
590 _aniveau_biblio:m niveau_hierar:0
100 1 _aMartorell, Ernesto Eduardo
999 _c7423
_d7423